[Event "AUTO-ADV-2894"]
[Site "http://www.queenalice.com/game.php?id=1196726"]
[Date "2013.7.3"]
[Round "1"]
[White "kpablanca197"]
[Black "Rochak"]
[Result "0-1"]
[WhiteElo "1904"]
[BlackElo "1982"]

1. d4 d6 2. c4 g6 3. Nc3 Bg7 4. Nf3 Nf6 5. Bg5 Nbd7 6. Bxf6 Nxf6 7. e3 O-O 8.
Bd3 Re8 9. O-O e5 10. dxe5 dxe5 11. e4 Be6 12. Nxe5 Nxe4 13. Nxe4 Bxe5 14. Qc2
Bf5 15. Rad1 Qd4 16. Nc3 Bxd3 17. Rxd3 Qxc4 18. a3 Rad8 19. Rfd1 Rxd3 20. Rxd3
Bxc3 21. Rd1 Qe6 22. g3 Ba5 23. Qd2 Bxd2 0-1

[Event "AUTO-ADV-2894"]
[Site "http://www.queenalice.com/game.php?id=1196727"]
[Date "2013.7.3"]
[Round "1"]
[White "Rochak"]
[Black "kpablanca197"]
[Result "1-0"]
[WhiteElo "2010"]
[BlackElo "1866"]

1. e4 c5 2. Nf3 d6 3. Bc4 Nc6 4. d4 cxd4 5. Nxd4 Nf6 6. Nc3 a6 7. h3 Ne5 8. Bd3
g6 9. Bf4 Nxd3+ 10. Qxd3 e5 11. Bg5 exd4 12. Qxd4 Bg7 13. Nd5 Qa5+ 14. c3 Nh5
15. Qe3 O-O 16. g4 h6 17. Bxh6 Bxh6 18. Qxh6 Qd8 19. gxh5 Re8 20. f3 Qh4+ 21.
Ke2 Bf5 22. Nc7 Bxe4 23. Nxe8 Rxe8 24. fxe4 Qxe4+ 25. Kf2 Qf5+ 26. Kg1 Re2 27.
Rh2 Qc5+ 28. Kh1 Re6 29. hxg6 Rxg6 30. Rg2 Qd5 31. Rg1 Qe4 32. Kh2 Qe5+ 33. Rg3
b5 34. Qe3 1-0

[Event "AUTO-ADV-2894"]
[Site "http://www.queenalice.com/game.php?id=1196736"]
[Date "2013.7.3"]
[Round "1"]
[White "Rochak"]
[Black "Barryplayschess"]
[Result "0-1"]
[WhiteElo "1757"]
[BlackElo "1705"]

1. e4 e5 2. Nf3 Nc6 3. Nc3 d6 4. d3 Nf6 5. b3 Bg4 6. Be2 Bxf3 7. Bxf3 Nd4 8. Bg5
Be7 9. Ne2 Nxf3+ 10. gxf3 Nh5 11. Bxe7 Qxe7 12. Ng3 Nf4 13. Rg1 g6 0-1

[Event "AUTO-ADV-2894"]
[Site "http://www.queenalice.com/game.php?id=1196737"]
[Date "2013.7.3"]
[Round "1"]
[White "Barryplayschess"]
[Black "Rochak"]
[Result "1-0"]
[WhiteElo "1723"]
[BlackElo "1703"]

1. e4 e5 2. Bc4 Nf6 3. Qf3 Bc5 4. Nc3 c6 5. Nge2 d6 6. d3 Bd4 7. Nxd4 exd4 8.
Ne2 Bg4 9. Qg3 g6 10. Nxd4 O-O 11. f3 d5 12. Bxd5 cxd5 13. fxg4 dxe4 14. Be3 1-0

[Event "Challenge"]
[Site "http://www.queenalice.com/game.php?id=1196867"]
[Date "2013.7.4"]
[Round "-"]
[White "Saintsalles"]
[Black "Rochak"]
[Result "0-1"]
[WhiteElo "1564"]
[BlackElo "1927"]

1. e4 e5 2. Nf3 Nc6 3. Bb5 a6 4. Bxc6 bxc6 5. d3 d6 6. c4 Nf6 7. Bg5 h6 8. Bxf6
Qxf6 9. Nc3 Rb8 10. b3 g5 11. h3 Bg7 12. a4 h5 13. Rb1 Be6 14. Qd2 Bh6 15. Qe2
Kd7 16. b4 g4 17. hxg4 hxg4 18. Nd2 Bxd2+ 19. Qxd2 Rxh1+ 20. Ke2 Rh2 21. Rg1 Qh4
22. Qe3 Rxb4 23. g3 Rb2+ 24. Ke1 Rh1 25. Ne2 Qh2 26. Qc1 Rxg1+ 0-1

[Event "Challenge"]
[Site "http://www.queenalice.com/game.php?id=1196869"]
[Date "2013.7.4"]
[Round "-"]
[White "nuage"]
[Black "Rochak"]
[Result "0-1"]
[WhiteElo "1568"]
[BlackElo "2006"]

1. Nf3 d6 2. d3 e5 3. g3 b6 4. Bg2 Bb7 5. Be3 f5 6. O-O Nc6 7. Nbd2 Qf6 8. Bg5
Qe6 9. c4 h6 10. Bh4 g5 11. Bxg5 hxg5 12. Nxg5 Qh6 13. h4 Be7 14. Bd5 Bxg5 15.
Nf3 Bf6 16. Rb1 e4 17. dxe4 fxe4 18. Bxe4 O-O-O 19. Qa4 Na5 20. Bxb7+ Kxb7 21.
Rfc1 Bxb2 22. Rc2 Be5 23. c5 Re8 24. Qxe8 Qh7 25. Rcb2 Bxb2 26. Ng5 Qxb1+ 0-1

[Event "Challenge"]
[Site "http://www.queenalice.com/game.php?id=1196870"]
[Date "2013.7.4"]
[Round "-"]
[White "Rochak"]
[Black "nuage"]
[Result "1-0"]
[WhiteElo "2000"]
[BlackElo "1570"]

1. e4 e6 2. d4 b6 3. c4 Bb4+ 4. Nc3 Bb7 5. Ne2 Nf6 6. Bg5 h6 7. Bh4 g5 8. Bg3
Nxe4 9. Qd3 d6 10. d5 exd5 11. cxd5 Nc5 12. Qf5 Nbd7 13. a3 Bxc3+ 14. Nxc3 Qe7+
15. Be2 Bc8 16. O-O Nf6 17. Qc2 Bd7 18. Bb5 O-O-O 19. Rfe1 Qf8 20. Bc6 Bg4 21.
f3 Bd7 22. Na4 Nh5 23. Qc4 Bxc6 24. dxc6 Qg7 25. Nxc5 Qxb2 26. Qa6+ 1-0

[Event "AUTO-OPEN-3029"]
[Site "http://www.queenalice.com/game.php?id=1198168"]
[Date "2013.7.9"]
[Round "1"]
[White "massimo"]
[Black "Rochak"]
[Result "1-0"]
[WhiteElo "1782"]
[BlackElo "1840"]

1. e4 e5 2. Nf3 Nc6 3. Bb5 a6 4. Bxc6 bxc6 5. d3 d6 6. O-O Bg4 7. h3 Bh5 8. g4
Bg6 9. Nh2 Rb8 10. f4 exf4 11. Bxf4 Rxb2 12. e5 Be7 13. Nd2 d5 14. Nb3 Ba3 15.
Bc1 Qe7 16. Nf3 Bc5+ 17. Kh1 Ba3 18. Bxb2 Bxb2 19. Rb1 Qa3 20. Nc1 f6 21. d4 Nh6
22. exf6 gxf6 23. Qe2+ Be4 24. Kg1 Kd7 25. g5 1-0

[Event "AUTO-OPEN-3029"]
[Site "http://www.queenalice.com/game.php?id=1198169"]
[Date "2013.7.9"]
[Round "1"]
[White "Rochak"]
[Black "massimo"]
[Result "1-0"]
[WhiteElo "1988"]
[BlackElo "1771"]

1. e4 e5 2. Nf3 d6 3. Nc3 Nf6 4. h3 Nc6 5. Bc4 h6 6. d4 exd4 7. Nxd4 Be7 8. Bb5
a6 9. Nxc6 axb5 10. Nxd8 Bxd8 11. Nd5 1-0

[Event "AUTO-OPEN-3029"]
[Site "http://www.queenalice.com/game.php?id=1198210"]
[Date "2013.7.9"]
[Round "1"]
[White "VFA2013"]
[Black "Rochak"]
[Result "1-0"]
[WhiteElo "1883"]
[BlackElo "1799"]

1. d4 d6 2. c4 g6 3. Nc3 Bg7 4. e4 Nf6 5. Be3 O-O 6. Nf3 Re8 7. Be2 Nbd7 8. O-O
e5 9. d5 c6 10. Rc1 cxd5 11. cxd5 b6 12. Nb5 Nc5 13. Bxc5 bxc5 14. Nc3 Rb8 15.
b3 h5 16. Qd3 Bh6 17. Rc2 Bg4 18. h3 Bxf3 19. Bxf3 Qd7 20. Nd1 Rb4 21. Rc4 Reb8
22. Ne3 Nh7 23. Rfc1 Ng5 24. Be2 Rf8 25. Rxb4 cxb4 26. Rc4 a5 27. h4 Nh3+ 28.
gxh3 Qxh3 29. Ng2 f5 30. Qxh3 1-0

[Event "AUTO-OPEN-3029"]
[Site "http://www.queenalice.com/game.php?id=1198211"]
[Date "2013.7.9"]
[Round "1"]
[White "Rochak"]
[Black "VFA2013"]
[Result "0-1"]
[WhiteElo "1929"]
[BlackElo "1719"]

1. e4 e5 2. Nf3 Nc6 3. Nc3 Bc5 4. Bb5 a6 5. Bxc6 dxc6 6. Nxe5 Qd4 7. Ng4 Bxg4 8.
Qxg4 Qxf2+ 9. Kd1 Qf6 10. d3 Qg6 11. Qf5 Qxf5 12. exf5 O-O-O 13. Re1 h6 14. Be3
Bd6 15. h3 Nf6 16. Kd2 Rhe8 17. Rad1 b5 18. Bd4 Bf4+ 19. Be3 Rxe3 20. Rxe3 b4
21. Na4 Nd5 22. Ke2 Nxe3 23. g3 Nxd1 24. gxf4 Nxb2 25. Nxb2 Rd5 26. f6 gxf6 27.
Nc4 Rh5 0-1

[Event "Challenge"]
[Site "http://www.queenalice.com/game.php?id=1198633"]
[Date "2013.7.10"]
[Round "-"]
[White "brunkali"]
[Black "Rochak"]
[Result "1/2-1/2"]
[WhiteElo "2073"]
[BlackElo "1999"]

1. e4 e5 2. Nf3 Nc6 3. d4 d5 4. dxe5 dxe4 5. Qxd8+ Nxd8 6. Ng5 h6 7. Nxe4 Nc6 8.
f4 Bf5 9. Bd3 Nge7 10. O-O Ng6 11. Nf6+ gxf6 12. Bxf5 fxe5 13. Re1 Nge7 14. Be4
Bg7 15. c3 O-O-O 16. Be3 exf4 17. Bxf4 Rhe8 18. Na3 Ng6 19. Bg3 Nce5 20. Nb5 a6
21. Nd4 Nc4 22. Re2 Nd6 23. Rae1 Nxe4 24. Rxe4 Rxe4 25. Rxe4 Bxd4+ 26. cxd4 Rd5
27. Bf2 f5 28. Re6 Rd6 29. Rxd6 cxd6 30. g3 f4 31. Kg2 fxg3 32. hxg3 Kc7 33. Kf3
Kc6 34. Kg4 Ne7 35. Be3 Kd5 36. a3 b5 37. b4 Ke4 38. Bxh6 Nf5 39. Bc1 Nxd4 40.
Bb2 d5 41. Bxd4 Kxd4 42. Kf4 Kc3 43. g4 d4 44. g5 d3 45. g6 d2 46. g7 d1=Q 47.
g8=Q Qc1+ 48. Ke5 Qe3+ 49. Kd6 Kb2 50. Qc8 Qxa3 51. Kd5 Qxb4 52. Qxa6 Kb3 53.
Kc6 Kc4 54. Qb6 Qb3 1/2-1/2

[Event "Challenge"]
[Site "http://www.queenalice.com/game.php?id=1198634"]
[Date "2013.7.10"]
[Round "-"]
[White "Rochak"]
[Black "brunkali"]
[Result "0-1"]
[WhiteElo "2032"]
[BlackElo "2043"]

1. e4 e6 2. d4 d5 3. Nc3 Bb4 4. exd5 exd5 5. a3 Bxc3+ 6. bxc3 Be6 7. Nf3 Ne7 8.
Rb1 b6 9. Ne5 O-O 10. Bg5 f6 11. Bd3 fxg5 12. Qh5 Bf5 13. O-O Bxd3 14. cxd3 Nec6
15. Rfe1 Qf6 16. f3 Ne7 17. Ng4 Qg6 18. Qh3 Nbc6 19. Ne5 Nxe5 20. Rxe5 Qxd3 21.
Rbe1 Nf5 22. Qh5 Qxc3 23. Re8 Raxe8 24. Rxe8 Qc1+ 25. Kf2 g6 26. Rxf8+ Kxf8 27.
Qxh7 Qd2+ 0-1

[Event "Challenge"]
[Site "http://www.queenalice.com/game.php?id=1198635"]
[Date "2013.7.10"]
[Round "-"]
[White "brunkali"]
[Black "Rochak"]
[Result "1-0"]
[WhiteElo "2008"]
[BlackElo "2032"]

1. e4 e5 2. Nf3 Nc6 3. d4 exd4 4. Nxd4 Bc5 5. Be3 Bxd4 6. Bxd4 Nxd4 7. Qxd4 Nf6
8. Bd3 O-O 9. O-O d6 10. Nc3 Re8 11. f3 c5 12. Qf2 b6 13. Rad1 Qe7 14. Rfe1 Be6
15. Bb5 Bd7 16. Qg3 Nh5 17. Qxd6 Rad8 18. Bxd7 Qe5 19. Qxe5 Rxe5 20. Bg4 Rde8
21. Rd7 a6 22. Nd5 f5 23. Bxh5 R8e6 24. Bf7+ 1-0

[Event "Challenge"]
[Site "http://www.queenalice.com/game.php?id=1198638"]
[Date "2013.7.10"]
[Round "-"]
[White "Rochak"]
[Black "Zugswang"]
[Result "0-1"]
[WhiteElo "2012"]
[BlackElo "2109"]

1. e4 g6 2. d4 Bg7 3. c4 c5 4. d5 d6 5. Nf3 Bg4 6. h3 Bxf3 7. Qxf3 Nd7 8. Bd2
Qb6 9. Bc3 Bxc3+ 10. Qxc3 Qb4 11. Nd2 Qxc3 12. bxc3 Ngf6 13. Bd3 h5 14. h4 Rg8
15. Nf3 Ng4 16. Nh2 Nde5 17. Be2 Nf6 18. f3 a6 19. Rb1 Rb8 20. O-O Kd8 21. Rb3
Kc7 22. Rfb1 Ned7 23. a4 g5 24. hxg5 Rxg5 25. f4 Rg7 26. Bd3 Rg3 27. Nf3 h4 28.
e5 dxe5 29. fxe5 Ng4 30. Bf5 Ndxe5 31. Bxg4 Nxg4 32. Nxh4 e6 33. d6+ Kxd6 34.
Rxb7 Rxb7 35. Rxb7 Rxc3 36. Rxf7 Rxc4 37. Kf1 Ne3+ 38. Ke2 Rxh4 39. Kxe3 Rxa4
40. Rb7 Ke5 41. Rc7 Ra3+ 42. Kf2 Kd4 43. g4 c4 44. g5 Ra5 45. g6 Rg5 46. g7 a5
47. Ke2 a4 48. Kd2 Rg2+ 49. Kc1 a3 50. Ra7 a2 51. Kd1 Kd3 52. Rxa2 Rg1# 0-1